Villes des séries TV françaises - Statistiques

Statistiques générales
  • Ce quiz a été pris 113 fois
    26 depuis la dernière actualisation
  • Le résultat moyen est 4 sur 15
Statistiques - réponses
Série Ville % Correct
Plus belle la vie (France tv, 2004-2022) Marseille
96%
HPI (TF1, 2021-2025) Lille
58%
Demain nous appartient (TF1, 2017-) Sète
58%
Un si grand soleil (France tv, 2018-) Montpellier
46%
Dix pour cent (France tv, 2015-2020) Paris
46%
Léo Mattéï, brigade des mineurs (TF1, 2013-) Marseille
31%
Camping Paradis (TF1, 2006-) [région] Côte d'Azur
23%
Candice Renoir (France tv, 2013-2022) Sète
23%
Panda (TF1, 2023-) [région] Camargue
15%
Fais pas ci, fais pas ça (France tv, 2007-2017) Sèvres
15%
Les petits meurtres d'Agatha Christie (France tv, 2009, 2024) [région] Nord-Pas-de-Calais
12%
Caïn (France tv, 2012-2020) Marseille
8%
Tandem (France tv, 2016-2024) Montpellier
8%
Tom et Lola (France tv, 2024-) Toulon
4%
Face à face (France tv, 2021-) Strasbourg
0%
Aucun quiz correspondant
Distribution des résultats
% des personnes avec chaque résultat
Percentile par nombre de réponses
Votre historique - résultats
Vous n’avez pas pris ce quiz depuis la dernière actualisation